000 00583nam a22002057a 4500
003 KOHA_MİRAKIL
005 20260330092034.0
008 260330b tu ||||| |||| 00| 0 tur d
020 _a9786053251941
040 _aTR-AnABB
_btur
_cTR-AnABB
041 _atur
082 _a923.43
_bARA 2020
100 1 _aAraslı, Utkan
245 1 0 _aMidyat'tyan çıktım yola /
_cUtkan Araslı
246 _aHak ve hukuk yolunda geçen yıllar
260 _aAnkara :
_bKültür Ajans,
_c2020
300 _a228 sayfa ;
_c20 cm
650 0 4 _aHakim, biyografi
942 _2ddc
_cBK
999 _c10059
_d10059
900 _bCan ÇELIK